[Event "28.Alpenpokal"]
[Site "?"]
[Date "2002.??.??"]
[Round "7"]
[White "Boehm, Karl"]
[Black "Thonig, Manfred"]
[Result "0-1"]
[WhiteElo "1681"]
[BlackElo "1551"]
[Annotator "ChessOrg"]
[PlyCount "108"]

1. d4 f5 2. Bf4 b6 3. e3 Nf6 4. h3 Bb7 5. Nf3 e6 6. c4 Bb4+ 7. Nc3 Ne4 8. Rc1
O-O 9. Be2 d6 10. O-O Bxc3 11. bxc3 Nd7 12. Nd2 Ndf6 13. Nb3 Qe8 14. f3 e5 15.
Bh2 Ng5 16. h4 Ne6 17. Qd2 Rd8 18. Rcd1 Qg6 19. Kf2 Ng4+ 20. fxg4 fxg4+ 21. Ke1
Rxf1+ 22. Bxf1 g3 23. Bg1 Qg4 24. Qe2 Qxh4 25. d5 Ng5 26. Nd2 Rf8 27. Rc1 Qh1
28. Nf3 Nxf3+ 29. gxf3 Qxg1 30. Kd2 Qf2 31. Qxf2 gxf2 32. Ke2 e4 33. f4 Rf6 34.
Kxf2 g5 35. Kg3 gxf4+ 36. exf4 Rg6+ 37. Kf2 c6 38. Rd1 cxd5 39. cxd5 Bc8 40.
Re1 Bf5 41. Be2 Rh6 42. Ke3 Rh3+ 43. Kd4 Kf7 44. Rf1 Rh2 45. Re1 h5 46. a4 h4
47. Bb5 Rd2+ 48. Kc4 Rf2 49. Bc6 h3 50. Kb5 h2 51. Rh1 e3 52. Ka6 Be4 53. Rxh2
Rxh2 54. Kxa7 e2 0-1

[Event "28.Alpenpokal"]
[Site "?"]
[Date "2002.??.??"]
[Round "7"]
[White "Struwecker, Sigurd"]
[Black "Wassem, Michael"]
[Result "1-0"]
[WhiteElo "1750"]
[BlackElo "1401"]
[Annotator "ChessOrg"]
[PlyCount "41"]

1. d4 Nf6 2. Nf3 g6 3. Nbd2 Bg7 4. e4 d6 5. c3 O-O 6. Be2 Nbd7 7. O-O Re8 8.
Re1 e5 9. dxe5 Nxe5 10. Qc2 Nxf3+ 11. Bxf3 d5 12. Re2 dxe4 13. Nxe4 Nxe4 14.
Bxe4 Bf5 15. Bxf5 gxf5 16. Bf4 Rxe2 17. Qxe2 c6 18. Rd1 Qe8 19. Qxe8+ Rxe8 20.
Kf1 Re7 21. Rd8+ 1-0

[Event "28.Alpenpokal"]
[Site "?"]
[Date "2002.??.??"]
[Round "7"]
[White "Schumacher, Ursula"]
[Black "Czech, Gerhard"]
[Result "1/2-1/2"]
[WhiteElo "1454"]
[BlackElo "1658"]
[Annotator "ChessOrg"]
[PlyCount "52"]

1. c4 g6 2. Nc3 Bg7 3. Nf3 Nf6 4. g3 d6 5. Bg2 Nc6 6. a3 Bd7 7. O-O O-O 8. Qc2
e6 9. b4 a6 10. Bb2 Na7 11. e4 c5 12. bxc5 dxc5 13. d3 Bc6 14. Ne5 Qc7 15. Nxc6
Nxc6 16. Ne2 Nd7 17. Bxg7 Kxg7 18. f4 Rad8 19. Rab1 Ne7 20. Qb2+ Kg8 21. Qxb7
Qd6 22. Qb3 Rb8 23. Qc2 Rxb1 24. Rxb1 e5 25. fxe5 Nxe5 26. Rb3 N7c6 1/2-1/2

[Event "28.Alpenpokal"]
[Site "?"]
[Date "2002.??.??"]
[Round "7"]
[White "Wahl, Hedi"]
[Black "Dittler, Volkfried"]
[Result "0-1"]
[WhiteElo "1436"]
[BlackElo "1623"]
[Annotator "ChessOrg"]
[PlyCount "106"]

1. e4 e5 2. Nf3 Nc6 3. Bc4 d6 4. h3 Be7 5. O-O Be6 6. Bxe6 fxe6 7. d3 Bf6 8.
Nc3 Nge7 9. Ne2 d5 10. Ng3 d4 11. Bg5 Ng6 12. Bxf6 gxf6 13. Nd2 Qd7 14. Nh5 Rf8
15. a3 O-O-O 16. Nb3 Qd6 17. Nd2 Kb8 18. b4 a6 19. Nb3 f5 20. Nc5 Ka7 21. Ng7
Rf6 22. Nh5 Rf7 23. Qb1 b6 24. Nb3 Rg8 25. Nd2 Nf4 26. Nxf4 exf4 27. f3 Ne5 28.
Kf2 Qe7 29. Rg1 Rfg7 30. g4 fxg4 31. hxg4 Qh4+ 32. Ke2 Qh2+ 33. Kf1 Qxd2 34.
Rg2 Nxf3 35. Qd1 Qxd1+ 36. Rxd1 Rxg4 37. Rxg4 Rxg4 38. Kf2 Ng5 39. Rh1 f3 40.
Rh2 e5 41. a4 c5 42. b5 a5 43. Kf1 Kb7 44. Kf2 Kc7 45. Kf1 Kd7 46. Kf2 Rg2+ 47.
Rxg2 fxg2 48. Kxg2 Ke6 49. Kg3 Kf6 50. Kg4 Kg6 51. Kg3 h5 52. Kh4 Nf3+ 53. Kg3
Ne1 0-1

[Event "28.Alpenpokal"]
[Site "?"]
[Date "2002.??.??"]
[Round "7"]
[White "Pillath, Marcus"]
[Black "Aufmwasser, Guenter"]
[Result "0-1"]
[WhiteElo "1413"]
[BlackElo "1616"]
[Annotator "ChessOrg"]
[PlyCount "50"]

1. Nf3 f5 2. g3 Nf6 3. Bg2 e6 4. O-O d5 5. d4 c6 6. b3 Bd6 7. Bb2 O-O 8. Nbd2
Nbd7 9. c4 Ne4 10. cxd5 exd5 11. e3 Ndf6 12. Rc1 Qe8 13. Nxe4 fxe4 14. Nd2 Qg6
15. f3 Qh6 16. Qe2 Bh3 17. fxe4 Bxg2 18. Kxg2 dxe4 19. Qc4+ Kh8 20. Rcd1 Ng4
21. Rxf8+ Rxf8 22. Nf1 Rf2+ 23. Kg1 Rxh2 24. Qf7 Rh1+ 25. Kg2 Qh3# 0-1

[Event "28.Alpenpokal"]
[Site "?"]
[Date "2002.??.??"]
[Round "7"]
[White "Braunstein, Richard"]
[Black "Girod, Gudrun"]
[Result "1/2-1/2"]
[WhiteElo "1566"]
[BlackElo "1366"]
[Annotator "ChessOrg"]
[PlyCount "51"]

1. e4 e5 2. Nf3 d6 3. d4 exd4 4. Bc4 Be7 5. Nxd4 Nf6 6. Bd3 c5 7. Nf3 Bg4 8. c3
h6 9. O-O Nbd7 10. Be3 O-O 11. Nbd2 Ne5 12. Be2 Nxf3+ 13. Bxf3 Bxf3 14. Qxf3
Nh7 15. Rad1 Bg5 16. Nc4 Bxe3 17. Qxe3 Qc7 18. Nxd6 Rfd8 19. Nf5 Ng5 20. h4 Ne6
21. e5 b6 22. Nd6 Qe7 23. Qg3 Kh7 24. Rd5 g6 25. Rfd1 Qc7 26. Ne4 1/2-1/2

[Event "28.Alpenpokal"]
[Site "?"]
[Date "2002.??.??"]
[Round "7"]
[White "Wempe, Anke"]
[Black "Schweiger, Thomas"]
[Result "0-1"]
[WhiteElo "1200"]
[BlackElo "1300"]
[Annotator "ChessOrg"]
[PlyCount "98"]

1. e4 g6 2. d4 Bg7 3. Nf3 d6 4. Be2 e6 5. O-O Ne7 6. Nc3 O-O 7. Bg5 f6 8. Be3
Kh8 9. Qd2 Ng8 10. Rad1 a6 11. h3 Qe7 12. d5 e5 13. Nh2 Nd7 14. f4 exf4 15.
Rxf4 Ne5 16. Rdf1 Bd7 17. R4f2 b5 18. Qd4 h6 19. Bf4 g5 20. Bxe5 fxe5 21. Qe3
Rf4 22. Bg4 Nf6 23. Bxd7 Qxd7 24. Rxf4 exf4 25. Qf3 Qe7 26. Ng4 Nh5 27. Nxh6
Bd4+ 28. Kh2 Nf6 29. Nf5 Qe5 30. g4 Bxc3 31. Qxc3 Qxc3 32. bxc3 Nxe4 33. h4
gxh4 34. Nxh4 Nxc3 35. Ng6+ Kh7 36. Nxf4 Nxa2 37. Nd3 a5 38. Rf7+ Kg6 39. Rxc7
b4 40. Re7 Ra6 41. Re1 Nc3 42. Nf4+ Kg5 43. Kg3 Kf6 44. Kh4 a4 45. g5+ Kf5 46.
Rf1 a3 47. Nd3+ Kg6 48. Nxb4 Rb6 49. Ra1 Rxb4+ 0-1

[Event "28.Alpenpokal"]
[Site "?"]
[Date "2002.??.??"]
[Round "8"]
[White "Kleifges, Matthias"]
[Black "Assmann, Thomas"]
[Result "0-1"]
[WhiteElo "2067"]
[BlackElo "2334"]
[Annotator "ChessOrg"]
[PlyCount "100"]

1. e4 c6 2. d4 d5 3. exd5 cxd5 4. c4 Nf6 5. Nc3 e6 6. Nf3 Bb4 7. a3 Bxc3+ 8.
bxc3 O-O 9. Qc2 b6 10. Bg5 Bb7 11. Bd3 h6 12. Bxf6 Qxf6 13. cxd5 Bxd5 14. Bh7+
Kh8 15. Be4 Nc6 16. O-O Rac8 17. Rfc1 Rfd8 18. Rab1 Qf4 19. Re1 Rc7 20. Rb5
Bxe4 21. Rxe4 Qd6 22. Qc1 Qf8 23. h3 Rdc8 24. c4 Ne7 25. Nd2 Nf5 26. Rb4 Nd6
27. Re5 Rc6 28. c5 R8c7 29. Rb2 Qd8 30. Nb3 Rd7 31. Rc2 Nf5 32. cxb6 Rxc2 33.
Qxc2 axb6 34. Re4 Nxd4 35. Nxd4 Rxd4 36. Rxd4 Qxd4 37. Qc8+ Kh7 38. Qf8 Kg6 39.
Qb8 Kf6 40. Qc7 Qa1+ 41. Kh2 Qe5+ 42. Qxe5+ Kxe5 43. Kg3 f5 44. Kf3 Kd4 45. h4
g5 46. hxg5 hxg5 47. Ke2 e5 48. f3 e4 49. g3 exf3+ 50. Kxf3 b5 0-1

[Event "28.Alpenpokal"]
[Site "?"]
[Date "2002.??.??"]
[Round "8"]
[White "Jolowicz, Matias"]
[Black "Bierwisch, Bernhard"]
[Result "1-0"]
[WhiteElo "2275"]
[BlackElo "2167"]
[Annotator "ChessOrg"]
[PlyCount "89"]

1. e4 c5 2. Nc3 Nc6 3. Bb5 e6 4. Bxc6 dxc6 5. d3 e5 6. f4 exf4 7. Bxf4 Bd6 8.
e5 Bc7 9. Nf3 Ne7 10. Ne4 Ng6 11. Bg5 Qd5 12. c4 Qe6 13. Nxc5 Qf5 14. d4 b6 15.
Nd3 Be6 16. Rc1 f6 17. exf6 gxf6 18. Be3 O-O 19. O-O Qh5 20. Qd2 Rad8 21. Bf4
Rf7 22. Bxc7 Rxc7 23. Nf4 Qf5 24. Nxg6 Qxg6 25. Rc3 Rg7 26. g3 Bh3 27. Re1 Rgd7
28. Qf4 Qf5 29. Re4 h5 30. Qxf5 Bxf5 31. Rf4 Bg4 32. Rxf6 Bxf3 33. Rcxf3 Rxd4
34. R6f4 Rd1+ 35. Kg2 R8d7 36. Kh3 Kg7 37. Kh4 R1d2 38. Rf2 Rxf2 39. Rxf2 Kg6
40. b3 Rd4+ 41. Kh3 a5 42. Rf8 Re4 43. Rb8 b5 44. cxb5 cxb5 45. Rb6+ 1-0

[Event "28.Alpenpokal"]
[Site "?"]
[Date "2002.??.??"]
[Round "8"]
[White "Feller, Joseph"]
[Black "Wunderer, Eckart"]
[Result "1-0"]
[WhiteElo "2209"]
[BlackElo "2151"]
[Annotator "ChessOrg"]
[PlyCount "88"]

1. e4 d6 2. Bc4 Nf6 3. d3 e5 4. f4 Be7 5. Nf3 Bg4 6. fxe5 Bxf3 7. Qxf3 dxe5 8.
O-O O-O 9. Nc3 Nc6 10. a3 Nd4 11. Qd1 c6 12. Ne2 Bc5 13. Kh1 b5 14. Nxd4 Bxd4
15. Ba2 Qd7 16. Qf3 Qg4 17. c3 Bb6 18. h3 Qg6 19. Qf5 Nh5 20. Qxg6 hxg6 21. Rf3
Rad8 22. Bg5 Rd7 23. Raf1 Kh7 24. g4 Nf4 25. Bxf4 exf4 26. d4 g5 27. h4 f6 28.
Rh3 Kg6 29. hxg5 fxg5 30. Rh5 Rdd8 31. Be6 Kf6 32. Ba2 Rh8 33. e5+ Ke7 34. Kg2
Rxh5 35. gxh5 Rh8 36. Rh1 Bd8 37. Kf3 Rh6 38. Bb1 Ke6 39. Bg6 Rh8 40. a4 a6 41.
axb5 axb5 42. Ra1 Be7 43. Ra6 Rc8 44. Be4 Rc7 1-0

[Event "28.Alpenpokal"]
[Site "?"]
[Date "2002.??.??"]
[Round "8"]
[White "Graf, Joachim"]
[Black "Varain, Ernst-Helmut"]
[Result "1-0"]
[WhiteElo "2171"]
[BlackElo "2077"]
[Annotator "ChessOrg"]
[PlyCount "65"]

1. d4 Nf6 2. Nf3 g6 3. c4 Bg7 4. Nc3 d5 5. cxd5 Nxd5 6. e4 Nxc3 7. bxc3 c5 8.
Be3 Qa5 9. Qd2 Nc6 10. Rc1 O-O 11. d5 Rd8 12. Bd3 e6 13. c4 Nb4 14. Bb1 exd5
15. cxd5 b6 16. O-O f5 17. Bg5 Rd7 18. d6 fxe4 19. Bxe4 Rb8 20. Bd5+ Kh8 21.
Be6 Rdb7 22. d7 Bxd7 23. Bxd7 Qxa2 24. Qd6 Qb2 25. Rb1 Qc3 26. Rbd1 a5 27. Rfe1
Rf8 28. Ne5 Nc2 29. Nf7+ Kg8 30. Nh6+ Kh8 31. Re7 Qb2 32. Nf7+ Kg8 33. Qd5 1-0

[Event "28.Alpenpokal"]
[Site "?"]
[Date "2002.??.??"]
[Round "8"]
[White "Wahl, Frithjof"]
[Black "Macher, Claus"]
[Result "1/2-1/2"]
[WhiteElo "2008"]
[BlackElo "1903"]
[Annotator "ChessOrg"]
[PlyCount "50"]

1. e4 c5 2. Nc3 Nc6 3. g3 g6 4. Bg2 Bg7 5. d3 e5 6. Nge2 Nge7 7. O-O O-O 8. Be3
d6 9. Qd2 a6 10. Bh6 Be6 11. Bxg7 Kxg7 12. f4 f5 13. Nd5 Rb8 14. c3 Qd7 15.
Nxe7 Qxe7 16. d4 Bc4 17. d5 Nd8 18. b3 Bxe2 19. Qxe2 exf4 20. gxf4 Nf7 21. Rae1
Rbe8 22. Qd2 Qf6 23. Qd3 fxe4 24. Rxe4 Rxe4 25. Bxe4 Nh6 1/2-1/2

[Event "28.Alpenpokal"]
[Site "?"]
[Date "2002.??.??"]
[Round "8"]
[White "Watson, Ron"]
[Black "Korhonen, Erkki"]
[Result "1-0"]
[WhiteElo "2200"]
[BlackElo "1800"]
[Annotator "ChessOrg"]
[PlyCount "49"]

1. d4 Nf6 2. Bg5 c6 3. c3 d5 4. Nd2 Nbd7 5. Qc2 Qb6 6. Ngf3 e6 7. e3 Bd6 8. Bd3
c5 9. b3 h6 10. Bh4 cxd4 11. exd4 Nh5 12. O-O Nf4 13. c4 Nxd3 14. Qxd3 g5 15.
Bg3 Bxg3 16. hxg3 Nf6 17. Ne5 a5 18. Rae1 Qd8 19. g4 b6 20. f4 O-O 21. fxg5
hxg5 22. Nc6 Qc7 23. Rxf6 Kg7 24. Ref1 Rh8 25. Ne5 1-0

[Event "28.Alpenpokal"]
[Site "?"]
[Date "2002.??.??"]
[Round "8"]
[White "Schumacher, Gottfried"]
[Black "Zuri, Rahim"]
[Result "1-0"]
[WhiteElo "2186"]
[BlackElo "1854"]
[Annotator "ChessOrg"]
[PlyCount "109"]

1. d4 d5 2. c4 c6 3. Nc3 Nf6 4. Nf3 h6 5. e3 Bf5 6. Qb3 b6 7. Be2 e6 8. O-O Be7
9. a4 Qc7 10. Bd2 Nbd7 11. Rfc1 dxc4 12. Qxc4 O-O 13. Nb5 Qd8 14. Qxc6 Be4 15.
Qc7 Nd5 16. Qxd8 Rfxd8 17. Nc3 N7f6 18. Ne5 Rac8 19. a5 Bh7 20. Nb5 a6 21. Na7
Rxc1+ 22. Rxc1 b5 23. Nac6 Ra8 24. f3 Bd6 25. e4 Ne7 26. g3 Ne8 27. Bb4 Bxb4
28. Nxb4 f6 29. Nec6 Kf7 30. Kf2 Rc8 31. Rc3 f5 32. Ke3 fxe4 33. fxe4 Nd6 34.
Bd3 g5 35. Ne5+ Ke8 36. Nxa6 Kd8 37. Nc5 Bg8 38. Rb3 Rb8 39. a6 Ra8 40. Ra3 Kc7
41. Ra1 Nc6 42. Ng4 h5 43. Nh6 Kb6 44. Nxg8 Rxg8 45. Nxe6 g4 46. e5 Re8 47. Nf4
Nc8 48. Bg6 Rd8 49. Ne6 Rh8 50. Kf4 N8e7 51. Be4 Na7 52. d5 h4 53. d6 Nec6 54.
d7 hxg3 55. hxg3 1-0

[Event "28.Alpenpokal"]
[Site "?"]
[Date "2002.??.??"]
[Round "8"]
[White "Boeven, Manfred"]
[Black "Doehner, Hans-Juergen"]
[Result "0-1"]
[WhiteElo "2126"]
[BlackElo "2171"]
[Annotator "ChessOrg"]
[PlyCount "60"]

1. d4 d5 2. Nc3 b6 3. Nf3 Nf6 4. Bg5 Bb7 5. e3 Nbd7 6. Bd3 g6 7. O-O Bg7 8. Ne5
Ne4 9. Bxe4 dxe4 10. Bf4 f6 11. Nxd7 Qxd7 12. Qe2 a6 13. Rfe1 O-O-O 14. a4 g5
15. Bg3 h5 16. h3 g4 17. h4 Bh6 18. Qc4 Bg7 19. d5 f5 20. d6 Bxc3 21. Qxc3 Qc6
22. Qxc6 Bxc6 23. a5 cxd6 24. axb6 Kb7 25. Ra5 Rhf8 26. c4 Kxb6 27. b4 Bb7 28.
Bf4 Rc8 29. Bg5 Rc7 30. Bf4 Rxc4 0-1

[Event "28.Alpenpokal"]
[Site "?"]
[Date "2002.??.??"]
[Round "8"]
[White "Weber, Gerhard"]
[Black "Reinkoester, Michael"]
[Result "1/2-1/2"]
[WhiteElo "2136"]
[BlackElo "1786"]
[Annotator "ChessOrg"]
[PlyCount "55"]

1. e4 c5 2. Nf3 d6 3. d4 cxd4 4. Nxd4 Nf6 5. Bd3 g6 6. c4 Bg7 7. Nc3 Bd7 8. O-O
O-O 9. Kh1 Nc6 10. Nde2 Rc8 11. f4 Qb6 12. Rb1 e6 13. h3 a6 14. Rf3 Nb4 15. b3
Qc7 16. Be3 Bc6 17. Rc1 Nxd3 18. Qxd3 Rfd8 19. Nd4 b6 20. Nxc6 Qxc6 21. f5 Nd7
22. Bd4 Ne5 23. Bxe5 Bxe5 24. Ne2 Bg7 25. Rcf1 d5 26. exd5 exd5 27. fxg6 fxg6
28. cxd5 1/2-1/2

[Event "28.Alpenpokal"]
[Site "?"]
[Date "2002.??.??"]
[Round "8"]
[White "Heissenbuettel, Hans-Erich"]
[Black "Fischer, Ernst"]
[Result "1/2-1/2"]
[WhiteElo "1923"]
[BlackElo "2197"]
[Annotator "ChessOrg"]
[PlyCount "28"]

1. c4 c6 2. Nf3 d5 3. e3 e6 4. b3 Nf6 5. Bb2 Nbd7 6. Be2 Bd6 7. d4 O-O 8. Nc3
b6 9. O-O Bb7 10. Bd3 Re8 11. e4 dxe4 12. Nxe4 Nxe4 13. Bxe4 Nf6 14. Bc2 c5
1/2-1/2

[Event "28.Alpenpokal"]
[Site "?"]
[Date "2002.??.??"]
[Round "8"]
[White "Woell, Josef"]
[Black "Maugg, Ludwig"]
[Result "1/2-1/2"]
[WhiteElo "1756"]
[BlackElo "2141"]
[Annotator "ChessOrg"]
[PlyCount "20"]

1. d4 Nf6 2. Bg5 Ne4 3. Bf4 c5 4. f3 Qa5+ 5. c3 Nf6 6. d5 Qb6 7. Bc1 d6 8. e4
g6 9. Nd2 Bg7 10. Nc4 Qc7 1/2-1/2

[Event "28.Alpenpokal"]
[Site "?"]
[Date "2002.??.??"]
[Round "8"]
[White "Felten, Joachim"]
[Black "Mueller, Helmut"]
[Result "0-1"]
[WhiteElo "2099"]
[BlackElo "1870"]
[Annotator "ChessOrg"]
[PlyCount "82"]

1. e4 c5 2. Nf3 d6 3. d4 cxd4 4. Nxd4 Nf6 5. Nc3 a6 6. Bc4 Qc7 7. Qe2 e5 8. Nf5
Nc6 9. Ne3 Nd4 10. Ncd5 Qd8 11. Qd3 Be6 12. c3 Nc6 13. O-O Bxd5 14. Bxd5 Be7
15. Nf5 O-O 16. Qg3 g6 17. Bh6 Nh5 18. Qf3 Nf4 19. Nxe7+ Qxe7 20. Bxf8 Rxf8 21.
Rfd1 Kg7 22. g3 Nh3+ 23. Kg2 Ng5 24. Qe3 f5 25. exf5 gxf5 26. h4 Ne6 27. Bxe6
Qxe6 28. Rd2 f4 29. Qd3 f3+ 30. Kh2 Rf6 31. Rad1 Qg4 32. Qe3 Rh6 33. Qxh6+ Kxh6
34. Rxd6+ Kh5 35. Rd7 Qe4 36. Rxb7 Nd4 37. Rb6 Qe2 38. g4+ Kxh4 39. Rh6+ Kg5
40. Rh5+ Kxg4 41. Rxd4+ exd4 0-1

[Event "28.Alpenpokal"]
[Site "?"]
[Date "2002.??.??"]
[Round "8"]
[White "Gerhards, Walter"]
[Black "Reinke, Kurt"]
[Result "0-1"]
[WhiteElo "2086"]
[BlackElo "1863"]
[Annotator "ChessOrg"]
[PlyCount "62"]

1. e4 c5 2. Nf3 d6 3. d4 cxd4 4. Nxd4 Nf6 5. Nc3 a6 6. Bg5 e6 7. Qd2 Be7 8. f3
Bd7 9. Bc4 Qc7 10. Bb3 Nc6 11. O-O-O Nxd4 12. Qxd4 Rc8 13. g4 b5 14. h4 a5 15.
a3 O-O 16. Rd3 a4 17. Ba2 d5 18. exd5 Bc5 19. Qf4 e5 20. Qd2 b4 21. axb4 Bxb4
22. Bxf6 gxf6 23. Re1 a3 24. Re4 Qa5 25. Qh6 axb2+ 26. Kb1 Bxc3 27. Qxf6 Qxa2+
28. Kxa2 Ra8+ 29. Kb3 b1=Q+ 30. Kxc3 Rfc8+ 31. Rc4 Rxc4+ 0-1

[Event "28.Alpenpokal"]
[Site "?"]
[Date "2002.??.??"]
[Round "8"]
[White "Rodemann, Edmund"]
[Black "Zuri, Amin-Barin"]
[Result "0-1"]
[WhiteElo "2064"]
[BlackElo "1844"]
[Annotator "ChessOrg"]
[PlyCount "44"]

1. e4 c5 2. c3 e6 3. d4 cxd4 4. cxd4 d5 5. e5 Bb4+ 6. Nc3 Qa5 7. Bd2 Ne7 8. a3
Bxc3 9. bxc3 Nbc6 10. Bd3 Qc7 11. Nf3 h6 12. O-O Na5 13. Nh4 g5 14. Nf3 Nc4 15.
Bc1 Qa5 16. Qb3 b5 17. Bd2 g4 18. Rfd1 gxf3 19. gxf3 Bd7 20. Kh1 Nxd2 21. Rxd2
Rc8 22. Rc2 Rg8 0-1

[Event "28.Alpenpokal"]
[Site "?"]
[Date "2002.??.??"]
[Round "8"]
[White "Jaeger, Erich"]
[Black "Perk, Egbert"]
[Result "0-1"]
[WhiteElo "1906"]
[BlackElo "2063"]
[Annotator "ChessOrg"]
[PlyCount "46"]

1. d4 Nf6 2. c4 d6 3. Nf3 Nbd7 4. Nc3 c6 5. e4 Qc7 6. Bd3 e5 7. O-O Be7 8. b3
Nf8 9. h3 Ng6 10. Ne2 Nh5 11. Bb2 O-O 12. Qc2 Bd7 13. Rad1 Rac8 14. Qc1 a6 15.
Qa1 Bf6 16. d5 c5 17. a4 Ngf4 18. Ng3 Rce8 19. Kh2 Qd8 20. Qb1 g6 21. Bc1 Bg7
22. Qc2 Nxd3 23. Nxh5 Nb4 0-1

[Event "28.Alpenpokal"]
[Site "?"]
[Date "2002.??.??"]
[Round "8"]
[White "Walther, Diethelm"]
[Black "Moehring, Norbert"]
[Result "1-0"]
[WhiteElo "2101"]
[BlackElo "1818"]
[Annotator "ChessOrg"]
[PlyCount "75"]

1. d4 Nf6 2. Nf3 c5 3. c3 cxd4 4. cxd4 Nc6 5. Bg5 Ne4 6. Be3 e5 7. dxe5 Bb4+ 8.
Nbd2 d5 9. exd6 Bf5 10. a3 Bxd6 11. Nxe4 Bxe4 12. Qa4 Qe7 13. Ng5 Bf5 14. g3 h6
15. Nf3 Bd7 16. Qh4 Qe6 17. Bg2 Be7 18. Qa4 Nb4 19. Qd1 Nd5 20. Bd4 O-O 21. O-O
Bb5 22. Re1 Rfd8 23. Qb3 Qa6 24. Ne5 Ba4 25. Qa2 Qb5 26. b4 Rac8 27. Rac1 Rxc1
28. Rxc1 b6 29. e4 f6 30. Nc6 Qd3 31. Nxe7+ Kh7 32. Nxd5 Qxd4 33. h4 f5 34.
exf5 Qd3 35. f6 Bb3 36. Qb1 Qxb1 37. Rxb1 Bxd5 38. Rd1 1-0

[Event "28.Alpenpokal"]
[Site "?"]
[Date "2002.??.??"]
[Round "8"]
[White "Martino-Gross, Peter"]
[Black "Emde, Rainer"]
[Result "1-0"]
[WhiteElo "1963"]
[BlackElo "1800"]
[Annotator "ChessOrg"]
[PlyCount "57"]

1. c4 e6 2. Nc3 d5 3. cxd5 exd5 4. d4 c5 5. Nf3 Nc6 6. Bf4 Nf6 7. e3 a6 8. Be2
Be7 9. dxc5 Bxc5 10. O-O O-O 11. Rc1 Be7 12. h3 Be6 13. Bd3 Qb6 14. Na4 Qa7 15.
Ne5 Rac8 16. Nxc6 bxc6 17. Qe2 Nd7 18. b3 c5 19. Bxa6 Ra8 20. Bb5 Rfc8 21. Nc3
Bf6 22. a4 d4 23. Ne4 Bxb3 24. Bxd7 Qxd7 25. Nxf6+ gxf6 26. Qf3 Bd5 27. e4 Be6
28. Bh6 Qd6 29. Qxf6 1-0

[Event "28.Alpenpokal"]
[Site "?"]
[Date "2002.??.??"]
[Round "8"]
[White "Rueggeberg, Wilhelm"]
[Black "Schulz, Toni"]
[Result "0-1"]
[WhiteElo "1847"]
[BlackElo "1950"]
[Annotator "ChessOrg"]
[PlyCount "132"]

1. d4 Nf6 2. Nf3 g6 3. c4 Bg7 4. Nc3 O-O 5. e4 d6 6. h3 e5 7. d5 Na6 8. Be3 Nh5
9. Qd2 f5 10. exf5 gxf5 11. Bh6 Qf6 12. Bxg7 Kxg7 13. g3 Nc5 14. Qg5+ Qxg5 15.
Nxg5 h6 16. Nf3 a5 17. Nb5 Rf7 18. Be2 Nf6 19. Rg1 Kh7 20. Nh2 Rg7 21. Rd1 b6
22. Kf1 Ba6 23. Nc3 Rag8 24. Nf3 Nfe4 25. Nxe4 fxe4 26. Nh4 Bc8 27. g4 h5 28.
f3 exf3 29. Bxf3 e4 30. Be2 hxg4 31. hxg4 Rg5 32. Kf2 Bxg4 33. Bxg4 Rxg4 34.
Rh1 Kg7 35. Ke2 Kf8 36. Rdf1+ Ke8 37. Rh2 Rh8 38. Rfh1 Nd3 39. Ke3 Rf8 40. Rg2
Rxg2 41. Nxg2 Rg8 42. Rh2 Nxb2 43. Kd4 Rf8 44. Ne3 Na4 45. Kxe4 Nc5+ 46. Kd4
Kd8 47. Re2 Re8 48. Re1 Kc8 49. Kc3 Kb7 50. Nc2 Rh8 51. Re7 Rh3+ 52. Re3 Rxe3+
53. Nxe3 c6 54. Nf5 cxd5 55. cxd5 Kc7 56. Kd4 b5 57. Ne3 Kb6 58. Nc2 Nb7 59.
Ne3 Nd8 60. Nd1 Nf7 61. Ne3 b4 62. Nc4+ Kb5 63. Nd2 a4 64. Nc4 Ka6 65. Nb2 Kb5
66. Nc4 a3 0-1

[Event "28.Alpenpokal"]
[Site "?"]
[Date "2002.??.??"]
[Round "8"]
[White "Winter, Rudolf"]
[Black "Froehlich, Rainer"]
[Result "0-1"]
[WhiteElo "1640"]
[BlackElo "1933"]
[Annotator "ChessOrg"]
[PlyCount "119"]

1. d4 Nf6 2. Nf3 d5 3. e3 Bg4 4. c4 c6 5. cxd5 cxd5 6. Bb5+ Bd7 7. Bd3 Nc6 8.
Nc3 e6 9. a3 Rc8 10. O-O Bd6 11. e4 dxe4 12. Nxe4 Be7 13. Bf4 O-O 14. Bd6 Nxe4
15. Bxe7 Qxe7 16. Bxe4 Rfd8 17. Rc1 Be8 18. Re1 Qf6 19. Qb3 Nxd4 20. Nxd4 Rxc1
21. Rxc1 Qxd4 22. Bf3 b6 23. Rd1 Qf6 24. Rxd8 Qxd8 25. Qc3 g6 26. h3 f6 27. b4
Bf7 28. a4 e5 29. a5 Qd4 30. Qxd4 exd4 31. Kf1 Bc4+ 32. Ke1 Kf7 33. Kd2 Ke6 34.
g3 Ke5 35. Bb7 g5 36. Bg2 h6 37. Bf3 Kd6 38. Be4 bxa5 39. bxa5 Kc5 40. Bb7 a6
41. Be4 Kb4 42. Bd3 Bxd3 43. Kxd3 Kxa5 44. Kxd4 Kb4 45. Ke4 a5 46. Kf5 a4 47.
Kxf6 a3 48. f4 gxf4 49. gxf4 a2 50. f5 a1=Q+ 51. Kg6 Qa8 52. f6 Qf8 53. h4 Kc5
54. h5 Kd6 55. f7 Ke7 56. Kh7 Qxf7+ 57. Kxh6 Qf6+ 58. Kh7 Kf7 59. h6 Qg6+ 60.
Kh8 0-1

[Event "28.Alpenpokal"]
[Site "?"]
[Date "2002.??.??"]
[Round "8"]
[White "Spurga, Josef"]
[Black "Zoefel, Peter"]
[Result "1/2-1/2"]
[WhiteElo "1899"]
[BlackElo "2070"]
[Annotator "ChessOrg"]
[PlyCount "70"]

1. e4 e5 2. Nf3 Nf6 3. Nxe5 d6 4. Nf3 Nxe4 5. d4 d5 6. Bd3 Bd6 7. O-O Bg4 8.
Re1 f5 9. c4 O-O 10. cxd5 Bxh2+ 11. Kf1 Bd6 12. Nc3 Nxc3 13. bxc3 Nd7 14. Qe2
Kh8 15. Rb1 b6 16. Bc2 f4 17. Qd3 Bf5 18. Qd2 Bxc2 19. Qxc2 Qf6 20. Re6 Qf5 21.
Qxf5 Rxf5 22. c4 g5 23. Bb2 Kg8 24. Ne5 Nf8 25. Rh6 Kg7 26. Rh5 Ng6 27. Ng4 Re8
28. Bc1 a5 29. Bd2 Bf8 30. Bc3 Nh4 31. d6 cxd6 32. Nh6 Kg6 33. Nxf5 Kxh5 34.
Nxh4 Kxh4 35. Rxb6 Rc8 1/2-1/2

[Event "28.Alpenpokal"]
[Site "?"]
[Date "2002.??.??"]
[Round "8"]
[White "Moerger, Karl-Heinz"]
[Black "Johannsen, Ingbert"]
[Result "0-1"]
[WhiteElo "1782"]
[BlackElo "2037"]
[Annotator "ChessOrg"]
[PlyCount "74"]

1. e4 e6 2. d4 d5 3. e5 c5 4. c3 Nc6 5. Nf3 Qb6 6. Be2 f6 7. O-O Bd7 8. Re1
O-O-O 9. dxc5 Bxc5 10. Rf1 fxe5 11. b4 Bd6 12. a4 Qc7 13. Na3 e4 14. Nb5 Qb8
15. Nxd6+ Qxd6 16. Nd4 e5 17. Nb3 Nf6 18. b5 Ne7 19. Ba3 Qe6 20. Nc5 Qf7 21. a5
Kb8 22. a6 b6 23. Nb7 Rc8 24. Bd6+ Ka8 25. Bxe5 Qe6 26. Bd4 Nf5 27. Rc1 Nxd4
28. Qxd4 Rc7 29. c4 Rhc8 30. cxd5 Qxd5 31. Qxd5 Nxd5 32. Rcd1 Nc3 33. Rfe1 Nxd1
34. Bxd1 Rc1 35. Nd6 Rd8 36. Nxe4 Bxb5 37. Nd6 Kb8 0-1

[Event "28.Alpenpokal"]
[Site "?"]
[Date "2002.??.??"]
[Round "8"]
[White "Sakowski, Christian"]
[Black "Schuler, Georg"]
[Result "1/2-1/2"]
[WhiteElo "1718"]
[BlackElo "2148"]
[Annotator "ChessOrg"]
[PlyCount "53"]

1. d4 Nf6 2. Nf3 g6 3. Bg5 Bg7 4. c3 d5 5. Bxf6 Bxf6 6. Nbd2 O-O 7. e4 dxe4 8.
Nxe4 Bg7 9. Bc4 Nd7 10. O-O Nf6 11. Ng3 b6 12. Ne5 e6 13. Qf3 Nd5 14. Bb5 Bxe5
15. dxe5 Bd7 16. Bxd7 Qxd7 17. c4 Ne7 18. Ne4 Qc6 19. Nf6+ Kg7 20. Qxc6 Nxc6
21. f4 Rfd8 22. Rfd1 Rd4 23. Rxd4 Nxd4 24. Kf2 c5 25. g4 h6 26. h4 Rd8 27. Rd1
1/2-1/2

[Event "28.Alpenpokal"]
[Site "?"]
[Date "2002.??.??"]
[Round "8"]
[White "Thonig, Manfred"]
[Black "Eidam, Horst"]
[Result "0-1"]
[WhiteElo "1551"]
[BlackElo "1889"]
[Annotator "ChessOrg"]
[PlyCount "74"]

1. f4 Nf6 2. b3 g6 3. Bb2 Bg7 4. Nf3 d6 5. e3 O-O 6. Be2 Nc6 7. d4 Ne4 8. O-O
Nb4 9. c4 c5 10. a3 Na6 11. Nc3 Nxc3 12. Bxc3 Bf5 13. Nh4 Be4 14. Bd3 d5 15.
cxd5 Bxd3 16. Qxd3 cxd4 17. Bxd4 e5 18. fxe5 Qxh4 19. Rf4 Qe7 20. d6 Qe6 21.
Qb5 Qc8 22. Qf1 Qd7 23. Rc1 Rac8 24. Rd1 Nc5 25. b4 Ne6 26. Rf2 b6 27. Bb2 b5
28. Kh1 Rc4 29. Qe1 Rfc8 30. Rdd2 Re4 31. Rd5 Bh6 32. Bd4 Nxd4 33. Rc5 Ne6 34.
Rxc8+ Qxc8 35. d7 Qxd7 36. Rd2 Qc7 37. Rd3 Qxe5 0-1